Novel radiation sources using relativistic electrons : From infrared to x-rays

The purpose of this book is to give a description of the state of the art in theoretical and experimental work achieved in radiation source development. It summarizes clearly and comprehensibly, the basic physical aspects needed to understand the phenomena, and also provides the interested reader wi...

Celý popis

Uloženo v:
Podrobná bibliografie
Hlavní autor: Rullhusen, P.
Médium: Kniha
Jazyk:Undetermined
Vydáno: Singapore World Scientific 1998
Témata:
Tagy: Přidat tag
Žádné tagy, Buďte první, kdo otaguje tento záznam!
Thư viện lưu trữ: Trung tâm Học liệu Trường Đại học Cần Thơ
LEADER 01033nam a2200217Ia 4500
001 CTU_210546
008 210402s9999 xx 000 0 und d
020 |c 81.54 
082 |a 539.2028 
082 |b R935 
100 |a Rullhusen, P. 
245 0 |a Novel radiation sources using relativistic electrons : 
245 0 |b From infrared to x-rays 
245 0 |c P. Rullhusen, X. Artru, P. Dhez 
260 |a Singapore 
260 |b World Scientific 
260 |c 1998 
520 |a The purpose of this book is to give a description of the state of the art in theoretical and experimental work achieved in radiation source development. It summarizes clearly and comprehensibly, the basic physical aspects needed to understand the phenomena, and also provides the interested reader with sufficient literature to be able to follow the development in more detail. 
650 |a Electrons,X-rays,Nguồn bức xạ,E-léc-tron,X-quang,Radiation sources 
904 |i Qhieu 
980 |a Trung tâm Học liệu Trường Đại học Cần Thơ